Personnages féminins dans One Piece - Statistiques

Statistiques générales
  • Ce quiz a été pris 919 fois
  • Le résultat moyen est 24 sur 32
Statistiques - réponses
Hint Réponse % Correct
Navigatrice de l'équipage du Chapeaux de paille Nami
100%
Archéologue de l'équipage de Chapeaux de paille Robin
100%
Princesse d'Alabasta Vivi
97%
Une des Grands Corsaires Boa Hancock
94%
Fille de Big Mom et devait de marier avec Sanji Pudding
90%
Princesse sirène Shirahoshi
90%
Fille de Kaido Yamato
90%
Une Supernova Bonney
89%
Une des 4 Empereurs Charlotte Linlin
88%
guerrière et princesse de Dressrosa Rebecca
88%
A vécu avec Mihawk sur son île Perona
84%
Fille de Big Mom et détentrice du fruit du Miroir Brulée
82%
Minks qui a accompagnée Luffy à Tougato Carot
79%
Mère d'accueil de Luffy, Ace et Sabo Dadan
79%
Soeur de Sanji Reiju
79%
14 ème fille de Big Mom et Commandant Sucrée Smoothie
79%
Capitaine de la Marine et épéiste Tashigi
78%
Princesse de Dressrosa Viola
77%
Mère Biologique de Ace Portgas.D Rouge
76%
Personnage principale du Film RED Uta
76%
Membre du CP9 puis CP-"AIGIS"0 Kalifa
74%
Amie de Usopp Kaya
71%
Vice-Amiral connue sous le nom de "La Grande Tacticienne" Tsuru
66%
Contre-Amiral, utilisatrice du Fruit Constricteur Hina
63%
Ancienne esclave libérée par Fisher Tiger Koala
63%
Tenancière du Partys Bar à Fuschia Makino
63%
Femme de Sai Baby 5
59%
Fille de Oden Hiyori
57%
Sirène sauvée de la vente par Rayleigh Camie
55%
Habitante de l'île céleste Conis
46%
Princesse du Royaume de Tontatta Manshelly
46%
Une des Neufs Fourreaux Rouges Kikunojo
39%
Aucun quiz correspondant
Distribution des résultats
% des personnes avec chaque résultat
Percentile par nombre de réponses
Votre historique - résultats
Vous n’avez pas pris ce quiz